| 000 | 00958nam a2200289Ia 4500 | ||
|---|---|---|---|
| 001 | 16394 | ||
| 003 | GE_BSU | ||
| 008 | 181216s||||||||xx |||||||||||||| ||und|| | ||
| 020 | _a9789941389 | ||
| 040 | _cGE_BSU | ||
| 080 | _a811.161.1'367.355(042.4) | ||
| 100 | _aАхвледиани мераб, | ||
| 245 | _aСинтакис:Сложное предложение | ||
| 245 | _bУчеб.пособ. для студ. вузов : Курс лекций | ||
| 245 | _cРед:Марина Арошидзе | ||
| 260 | _aБатуми | ||
| 260 | _bБатумс.госуд.университет | ||
| 260 | _c2013. | ||
| 300 | _a163стр,20см | ||
| 300 | _bбиблиог.стр: 158-159 | ||
| 541 | _h20л | ||
| 653 | _aРусский Язык | ||
| 653 | _aСинтакис:Сложное предложение | ||
| 653 | _aრუსული ენა :გრამატიკა | ||
| 653 | _aსინტაქსი | ||
| 942 | _cBK | ||
| 999 |
_c49470 _d49470 |
||